000 00388nam a2200121Ia 4500
008 220615s9999||||xx |||||||||||||| ||und||
100 _aRaffaele Spinelli (Ed.)
245 0 _aForest Operations, Engineering and Management
546 _aEnglish[eng]
650 _aSimulation||Technology||Harvesting||Workforce||Biomass
856 _uhttp://www.mdpi.com/books/pdfview/book/749
942 _cEB
999 _c16224
_d16224